LEADER 01064nam a2200313 i 4500 001 991001600999707536 008 030513s1984 nyu 000 0 eng d 020 $a0140124950 035 $ab12170495-39ule_inst 040 $aDip.to Biologia$beng 082 0 $a302.14$219 082 0 $a591.5$222 100 1 $aAxelrod, Robert M.$0230932 245 14$aThe evolution of cooperation /$cRobert Axelrod 260 3 $aNew York :$bBasic Books,$cc1984 300 $ax, 241 p. ;$c22 cm 500 $aIncludes index 504 $aBibliography: p. 223-229 650 0$aCooperativeness 650 0$aGames of strategy (Mathematics) 650 0$aConflict management 650 0$aConsensus (Social sciences) 650 0$aSocial interaction 907 $a.b12170495$b09-09-11$c13-05-03 912 $a991001600999707536 945 $aLE003 591.5 AXE01.01 (1984)$g1$i2003000040135$lle003$o-$pE0.00$q-$rl$s- $t0$u0$v0$w0$x0$y.i12512655$z13-05-03 996 $aEvolution of cooperation$9145229 997 $aUNISALENTO 998 $ale003$b13-05-03$cm$da $e-$feng$gnyu$h4$i1 LEADER 01502nam0 22003493i 450 001 VAN0279320 005 20240708085330.383 017 70$2N$a9789819957699 100 $a20240708d2023 |0itac50 ba 101 $aeng 102 $aSG 105 $a|||| ||||| 200 1 $aTrivalent Discrete Surfaces and Carbon Structures$fHisashi Naito 210 $aSingapore$cSpringer$d2023 215 $ax, 105 p.$cill.$d24 cm 410 1$1001VAN0113994$12001 $aSpringerBriefs in the mathematics of materials$1210 $aBerlin [etc.]$cSpringer$d2015-$v5 610 $aCrystal/molecular structures$9KW:K 610 $aDiscrete geometry analysis$9KW:K 610 $aDiscrete surface theory$9KW:K 610 $aTopological crystallography$9KW:K 610 $aTrivalent discrete surfaces$9KW:K 620 $aSG$dSingapore$3VANL000061 700 1$aNaito$bHisashi$3VANV231888$0732150 712 $aSpringer $3VANV108073$4650 801 $aIT$bSOL$c20240719$gRICA 856 4 $uhttps://doi.org/10.1007/978-981-99-5769-9$zE-book ? Accesso al full-text attraverso riconoscimento IP di Ateneo, proxy e/o Shibboleth 899 $aBIBLIOTECA DEL DIPARTIMENTO DI MATEMATICA E FISICA$1IT-CE0120$2VAN08 912 $fN 912 $aVAN0279320 950 $aBIBLIOTECA DEL DIPARTIMENTO DI MATEMATICA E FISICA$d08CONS e-Book 9363 $e08eMF9363 20240715 996 $aTrivalent Discrete Surfaces and Carbon Structures$93598784 997 $aUNICAMPANIA